Niektoré odchýlky od racionality pri investovaní na finančných trhoch

Teória behaviorálnych financií hovoriaca o tom, že niektoré finančné otázky a javy sa dokážu lepšie popísať a pochopiť vtedy, keď sa použijú modely, v ktorých sa subjekty nemusia zákonite správať racionálne. Analýza dvoch odchýlok od racionality. Odchýlka Nelineárne oceňovanie pravdepodobnosti a Ave...

Descripción completa

Guardado en:
Detalles Bibliográficos
Autor principal: Pilch, Ctibor, 1957-
Formato: Capítulo de libro
Lenguaje:checo
Materias:
Etiquetas: Agregar Etiqueta
Sin Etiquetas, Sea el primero en etiquetar este registro!

MARC

LEADER 00000naa a2200000 4500
001 0268413
005 20260205072329.1
041 0 |a cze 
044 |a SK 
245 1 0 |a Niektoré odchýlky od racionality pri investovaní na finančných trhoch  |c Ctibor Pilch 
520 |a Teória behaviorálnych financií hovoriaca o tom, že niektoré finančné otázky a javy sa dokážu lepšie popísať a pochopiť vtedy, keď sa použijú modely, v ktorých sa subjekty nemusia zákonite správať racionálne. Analýza dvoch odchýlok od racionality. Odchýlka Nelineárne oceňovanie pravdepodobnosti a Averzia voči strate a ľútosti. Výsledky prieskumu na vzorke 1350 respondentov, dokumentujúce fakt, že dané odchýlky existujú napriek vzdelaniu a veku. 
610 2 0 |a oceňovanie 
610 2 0 |a modely nelineárne 
610 2 0 |a trh finančný 
610 2 0 |a racionalita 
610 2 0 |a investovanie 
100 1 |a Pilch, Ctibor, 1957-